<?xml version="1.0" encoding="UTF-8"?><?xml-stylesheet type="text/xsl" href="static/style.xsl"?><OAI-PMH xmlns="http://www.openarchives.org/OAI/2.0/" xmlns:xsi="http://www.w3.org/2001/XMLSchema-instance" xsi:schemaLocation="http://www.openarchives.org/OAI/2.0/ http://www.openarchives.org/OAI/2.0/OAI-PMH.xsd"><responseDate>2026-04-13T04:09:42Z</responseDate><request verb="GetRecord" identifier="oai:www.recercat.cat:2072/367819" metadataPrefix="marc">https://recercat.cat/oai/request</request><GetRecord><record><header><identifier>oai:recercat.cat:2072/367819</identifier><datestamp>2024-12-13T11:01:34Z</datestamp><setSpec>com_2072_96871</setSpec><setSpec>com_2072_96852</setSpec><setSpec>com_2072_2015</setSpec><setSpec>col_2072_228899</setSpec></header><metadata><record xmlns="http://www.loc.gov/MARC21/slim" xmlns:dcterms="http://purl.org/dc/terms/" xmlns:xsi="http://www.w3.org/2001/XMLSchema-instance" xmlns:doc="http://www.lyncode.com/xoai" xsi:schemaLocation="http://www.loc.gov/MARC21/slim http://www.loc.gov/standards/marcxml/schema/MARC21slim.xsd">
   <leader>00925njm 22002777a 4500</leader>
   <datafield ind2=" " ind1=" " tag="042">
      <subfield code="a">dc</subfield>
   </datafield>
   <datafield ind2=" " ind1=" " tag="720">
      <subfield code="a">Palmen, Rachel Louise</subfield>
      <subfield code="e">author</subfield>
   </datafield>
   <datafield ind2=" " ind1=" " tag="720">
      <subfield code="a">Arroyo Prieto, Lídia</subfield>
      <subfield code="e">author</subfield>
   </datafield>
   <datafield ind2=" " ind1=" " tag="720">
      <subfield code="a">Müller, Jörg</subfield>
      <subfield code="e">author</subfield>
   </datafield>
   <datafield ind2=" " ind1=" " tag="720">
      <subfield code="a">Reidl, Sybille</subfield>
      <subfield code="e">author</subfield>
   </datafield>
   <datafield ind2=" " ind1=" " tag="720">
      <subfield code="a">Unger, Maximillian</subfield>
      <subfield code="e">author</subfield>
   </datafield>
   <datafield ind2=" " ind1=" " tag="520">
      <subfield code="a">Gender equality and gender mainstreaming in research is one of the six European Research Area (ERA) priorities. Integrating the gender dimension in research content and teaching is one of its three objectives. It is arguably the objective where least progress has been made. In this article we contribute to the evidence base by applying the EFFORTI evaluation framework to three empirical case study interventions that aim to integrate the gender dimension in tertiary education and research content. Comparison is based on an evaluation of the design of the intervention, those factors that have enabled/hindered its implementation as well as an assessment of outcomesand impacts. The findings of the case studies highlight the importance of design, specifically regarding resources, legal status and the definition and operationalisation of the gender concept. Implementation hinges on top-level institutional commitment and mainstreaming gender studies with support of a central unit and crucially gender competence. A lack of recognition and status of gender studies and subsequent innovations was seen to hamper implementation. Outcomes and impacts included an increased awareness and interest in gender, increased gender competence, a push towards gender equality regarding representation and organisational change as well as an improved accreditation process and more and better research.</subfield>
   </datafield>
   <datafield ind1="8" ind2=" " tag="024">
      <subfield code="a">Palmen, R., Arroyo, L., Müller, J., Reidl, S., Caprile, M., Unger, M. (2020). Integrating the gender dimension in teaching, research content &amp; knowledge and technology transfer: Validating the EFFORTI evaluation framework through three case studies in Europe, Evaluation and Program Planning, (79). doi: 10.1016/j.evalprogplan.2019.101751</subfield>
   </datafield>
   <datafield ind1="8" ind2=" " tag="024">
      <subfield code="a">0149-7189</subfield>
   </datafield>
   <datafield ind1="8" ind2=" " tag="024">
      <subfield code="a">10.1016/j.evalprogplan.2019.101751</subfield>
   </datafield>
   <datafield ind1="8" ind2=" " tag="024">
      <subfield code="a">http://hdl.handle.net/10609/105166</subfield>
   </datafield>
   <datafield tag="653" ind2=" " ind1=" ">
      <subfield code="a">Gender dimension in teaching and research content</subfield>
   </datafield>
   <datafield tag="653" ind2=" " ind1=" ">
      <subfield code="a">Gender dimension in knowledge and technology transfer</subfield>
   </datafield>
   <datafield tag="653" ind2=" " ind1=" ">
      <subfield code="a">Gender equality intervention in R&amp;I</subfield>
   </datafield>
   <datafield tag="653" ind2=" " ind1=" ">
      <subfield code="a">Evaluation</subfield>
   </datafield>
   <datafield tag="653" ind2=" " ind1=" ">
      <subfield code="a">Public policy</subfield>
   </datafield>
   <datafield tag="653" ind2=" " ind1=" ">
      <subfield code="a">Design</subfield>
   </datafield>
   <datafield tag="653" ind2=" " ind1=" ">
      <subfield code="a">Implementaion</subfield>
   </datafield>
   <datafield tag="653" ind2=" " ind1=" ">
      <subfield code="a">Outcomes</subfield>
   </datafield>
   <datafield tag="653" ind2=" " ind1=" ">
      <subfield code="a">Impact</subfield>
   </datafield>
   <datafield tag="653" ind2=" " ind1=" ">
      <subfield code="a">R&amp;I</subfield>
   </datafield>
   <datafield ind2="0" ind1="0" tag="245">
      <subfield code="a">Integrating the gender dimension in teaching, research content &amp; knowledge and technology transfer: Validating the EFFORTI evaluation framework through three case studies in Europe</subfield>
   </datafield>
</record></metadata></record></GetRecord></OAI-PMH>